000 01258nam0a22003011 4500
001 rc\3416560
005 20130115140804.2
021 _aRU
_b[74-22171]
035 _a(NLR Aleph) 007580261
090 _a5500712
_c5500712
100 _a20130115d1974 |||y0rusy50 ca
101 0 _arus
102 _aRU
105 _ay z |||||
200 1 _aПроизводство заменителя масла какао за рубежом
_e(Обзор)
_fМ-во пищевой пром-сти СССР. Центр. науч.-исслед. ин-т информации и техн.-экон. исследований пищевой пром-сти
210 _aМосква
_c[ЦНИИТЭИпищепром]
_d1974
215 _a17 с.
_d20
300 _aПеред загл. авт.: Т.С. Редько, Л.Т. Смирнова, Л.А. Грауэрман. На обл. авт. не указаны
320 _aСписок лит.: с. 16 (17 назв.)
606 _aКакао-масло
_xЗаменители
_2psbo
700 1 _aРедько
_bТ. С.
701 1 _aСмирнова
_bЛ. Т.
701 1 _aГрауэрман
_bЛ. А.
801 0 _aRU
_bNLR
_gpsbo
801 1 _aRU
_bELAR
_2rusmarc
852 _aNLR
_j74-4/4557
942 _cBOOK
980 _aNB